000 00530nam a2200181Ia 4500
008 150610s9999 xx 000 0 und d
020 _a9780545227704
050 _aPZ7
_b.F96624 T44 2000
100 _aFunke, Cornelia
245 4 _aThe thief lord /
_cCornelia Funke.
260 _aNew York :
_bScholastic,
_c2000.
300 _a349pages :
_bmap;
_c20 cm.
520 _aFiction.
650 _aBrothers
_xFiction.
650 _aDetective and mystery stories
650 _aThieves
_xFiction.
650 _aVenice (Italy)
_bFiction.
999 _c287921
_d287921